000 00637nam a2200229Ia 4500
005 20250108124911.0
008 008 250107s9999 xx 000 0 eng d
020 _a978-81-926978-9-5
037 _aTB
040 _aCRL
_beng
_cCRL
041 _aurd
_2eng
084 _aO152,1N60,BS R2
084 _qCRL
100 _aNiazi Ghulam Rasool Anees Au.
_9730045
245 0 _aSoz-o-saaz
_cNiazi Ghulam Rasool Anees Au.
260 _aJaipur, India
_bHamari taqat publications
_c2599
300 _a248p.
365 _aINR
_b250
650 _aURDU POETRY
942 _cTB
_hO152,1N60,BS R2
999 _c1234987
_d1234987